Teoría moderna de probabilidades y sus aplicaciones
-д хадгалсан:
| Үндсэн зохиолч: | |
|---|---|
| Формат: | Ном |
| Хэл сонгох: | испани |
| Хэвлэсэн: |
Ciudad de México
Limusa
1971
|
| Нөхцлүүд: | |
| Шошгууд: |
Шошго нэмэх
Шошго байхгүй, Энэхүү баримтыг шошголох эхний хүн болох!
|
MARC
| LEADER | 00000nam a2200000 a 4500 | ||
|---|---|---|---|
| 001 | UCQ8793 | ||
| 003 | CL-VaPUC | ||
| 008 | 981217e19710000MX |||||||||||||||||spa|d | ||
| 082 | 0 | 4 | |a 519.2 |b PAR |2 21 |
| 100 | |a Parzen, Emanuel |e autor |9 423014 | ||
| 245 | 1 | 0 | |a Teoría moderna de probabilidades y sus aplicaciones |
| 300 | |a 509 p | ||
| 942 | |c BK | ||
| 945 | |d 19981217 00:00:00 |a crobeson | ||
| 260 | |a Ciudad de México |b Limusa |c 1971 | ||
| 650 | 0 | |a Probabilidades |9 260199 | |
| 650 | 0 | |a Matemáticas aplicadas |9 342401 | |
| 650 | 7 | |a PROCESOS ALEATORIOS |2 CL-VaPUC |9 423015 | |
| 583 | |a last modification |c 19981217 00:00:00 |k Rodrigo Vera | ||
| 999 | |c 277969 |d 277967 | ||
| 952 | |0 0 |1 0 |4 0 |6 519_200000000000000_PAR_1971 |7 0 |8 A |9 316274 |a BIBGIM |b BIBGIM |d 2019-11-20 |i 1305484 |o 519.2 PAR 1971 |p 1305484 |r 2025-01-15 |w 2019-11-20 |y BK |k EST | ||